000 00622nam a2200217Ia 4500
003 OSt
005 20220928144659.0
006 a|||||r|||| 00| 0
007 ta
008 220927b |||||||| |||| 00| 0 eng d
024 _a73034
037 _cTextual
040 _aSDCL
_cSDCL
_beng
041 _2eng
_aeng
082 _aY15a2'N7, L6 RR
100 _aDasgupta Kalpana Ed.
_9509082
245 0 _aWomen on the Indian scene
_b An annotated bibliography.
260 _c1976
942 _hY15a2'N7, L6 RR
_cTEXL
_2CC
999 _c828942
_d828942